000
00331nam a2200121Ia 4500
008
241018s9999 xx 000 0 und d
041
_a
eng
082
_a
330.9 DAL
100
_a
Dalio, Ray
245
_a
Principles for dealing with the changing world order
260
_b
Avid Reader Press
_a
New York
_c
2021
300
_a
557;. P. 23 cm
999
_c
42707
_d
42707